Statistics for Ipswich Town in the UEFA Cup

Click here to take the quiz!

General Stats

  • This quiz has been taken 45 times
  • The average score is 8 of 20

Answer Stats

HintAnswer% Correct
1980-1 finalAZ 67 Alkmaar
81%
1980-1 semi finalFC Cologne
68%
2002-3 Prelim. RoundAvenir Beggen
59%
2002-3 Round 2Slovan Liberec
59%
1980-1 Round 1Aris Thessalonoki
51%
1980-1 1/4 finalSaint Etienne
51%
2001-2 Round 3Inter Milan
49%
1977-8 Round 3Barcelona
46%
1980-1 Round 3Widzew Lodz
46%
1980-1 Round 2Bohemians Prague
38%
1982-3 Round 1Roma
35%
1979-80 Round 1Skeid Oslo
30%
1975-6 Round 2Bruges
27%
1973-4 1/4 finalLokomotive Leipzig
27%
1977-8 Round 1Landskrona Bois
22%
1973-4 Round 2Lazio
22%
1973-4 Round 1Real Madrid
16%
1977-8 Round 2Las Palmas
14%
1975-6 Round 1Feyenoord
11%
1973-4 Round 3FC Twente
8%

Score Distribution

Percentile by Number Answered

Percent of People with Each Score

Your Score History

You have not taken this quiz